| 000 | 00455cam a2200181ua 4500 | ||
|---|---|---|---|
| 001 | 5189 | ||
| 008 | 120808n ii |||gr||||Z||||||eng | ||
| 040 | _cMAIN | ||
| 082 | _a828 | ||
| 100 |
_aScott, Walter, _eAuthor, |
||
| 245 | 1 | 1 |
_aIvanhoe _cby Walter Scott |
| 250 | _a1st. | ||
| 260 |
_aNew delhi: _bS. Chand & company pvt. ltd. |
||
| 300 |
_a152p: _c15cm. |
||
| 653 | _aEnglish miscellaneous writings | ||
| 700 |
_aPaces, S. E., _eEditor, |
||
| 942 | _cBK | ||
| 999 |
_c4371 _d4371 |
||